| 000 | 00794nam a2200241 u 4500 | ||
|---|---|---|---|
| 005 | 20210223131256.0 | ||
| 008 | 100507s2005 mx r 000 0 spa d | ||
| 020 | _a9707700955 | ||
| 035 | _aUPN01000175677 | ||
| 049 | _aI | ||
| 050 | 4 |
_aRG525.5 _bA2.3 |
|
| 100 | 1 | _aAbel Prot, Viviane | |
| 245 | 1 | 3 |
_aLa historia del nacimiento / _cViviane Abel Prot, Philippe Delorme ; il. Rozier Gaudriault ; tr. Adrián Pellaumail. |
| 260 |
_aMéxico : _bAltea, _c2005. |
||
| 300 |
_a[32] p. : _bil. col. |
||
| 440 | 0 | _aAltea Benjamín | |
| 534 |
_pTitulo orignal: _tL'historie de la nissance |
||
| 650 | 4 |
_aEMBARAZO - _vLITERATURA INFANTIL _916051 |
|
| 650 | 4 |
_aPARTO - _vLITERATURA INFANTIL _916050 |
|
| 650 | 4 |
_aATENCION POSTNATAL _916049 |
|
| 700 | 1 |
_aDelorme, Philippe, _ecoaut. |
|
| 905 | _aLibro | ||
| 999 |
_c147780 _d147780 |
||